| 000 | 00530cam a2200217ua 4500 | ||
|---|---|---|---|
| 001 | 7561 | ||
| 008 | 141217n ii |||gr||||Z||||||asm | ||
| 020 | _a9789382283461 | ||
| 040 | _cMAIN | ||
| 041 | _aasm | ||
| 082 | _a330.072 | ||
| 100 |
_aSaikia, D., _eAuthor. |
||
| 245 |
_aArthaninit prarambhik porisahnkhya _cBy Debajit Saikia |
||
| 250 | _a1st. | ||
| 260 |
_aDibrugarh: _bKaustabh, _c2013. |
||
| 300 | _a264p. | ||
| 653 | _aEconomics | ||
| 653 | _aStatistical economics | ||
| 700 |
_aBorah, R., _eAuthor. |
||
| 942 | _cBK | ||
| 999 |
_c6683 _d6683 |
||